• 首页
  • 本馆介绍
  • 公告通知
  • 最新文献
  • 馆藏检索
  • 电子资源
  • 读者导购
  • 参考咨询
  • 我的图书馆
  • 登录
  • 详细信息显示
  • 放入我的书架
  • 预约/预借图书
  • 作者相关作品
  • 分类相关作品
  • 丛书相关作品
  • 出版社相关作品

书目信息

  • 表格格式
  • 工作单格式
  • 卡片格式
题名:
中国番茄育种学
    
 
作者: 李景富 编著
分册:  
出版信息: 北京   中国农业出版社  2011.03
页数: 700页
开本: 28cm
丛书名: 现代农业科技专著大系
单 册:
中图分类: S641.2
科图分类:
主题词: 番茄--育种--中国
电子资源:
ISBN: 978-7-109-15471-1
000 01007oam2 2200253 45
001 1355394936
005 20130513150052.95
010    @a978-7-109-15471-1@b精装@dCNY150.00
100    @a20130108d2011 ekmy0chiy0110 ea
101 0  @achi
102    @aCN@b110000
105    @ay z 000yy
106    @ar
200 1  @a中国番茄育种学@AZhong Guo Fan Qie Yu Zhong Xue@f李景富编著@FLi Jing Fu Bian Zhu
210    @a北京@c中国农业出版社@d2011.03
215    @a700页@d28cm
225 2  @a现代农业科技专著大系
330    @a本书简明扼要地阐述了番茄在我国蔬菜科研、生产中的地位,全面论述了我国在番茄分类、资源以及基础生物学研究、育种理论和方法创新等方面取得的成就,重点介绍了我国在番茄杂种一代优势利用中的自交不亲系选育与利用,以及抗病育种、品质育种、抗逆育种、丰产育种、生物技术育种等方面成果和创新技术。
461  0 @12001 @a现代农业科技专著大系
606 0  @a番茄@x育种@y中国
690    @aS641.2@v5
701  0 @a李景富@ALi Jing Fu@4编著
801    @aCN@bTANGWEI@c20130109
905    @b0830941-43@dS641.2@e242@f3
    
    中国番茄育种学/李景富编著.-北京:中国农业出版社,2011.03
    700页;28cm.-(现代农业科技专著大系)
    
    
    ISBN 978-7-109-15471-1(精装):CNY150.00
    本书简明扼要地阐述了番茄在我国蔬菜科研、生产中的地位,全面论述了我国在番茄分类、资源以及基础生物学研究、育种理论和方法创新等方面取得的成就,重点介绍了我国在番茄杂种一代优势利用中的自交不亲系选育与利用,以及抗病育种、品质育种、抗逆育种、丰产育种、生物技术育种等方面成果和创新技术。
●
相关链接 在E读中查询图书 在五车中查询图书 在当当中查询图书 在豆瓣中查询图书


正题名:中国番茄育种学     索取号:S641.2/242         预约/预借

序号 登录号 条形码 馆藏地/架位号 状态 备注
1 0830941   208309418   第二样本阅览室/ [索取号:S641.2/242] 在馆    
2 0830942   208309427   第三借阅区/ [索取号:S641.2/242] 在馆    
3 0830943   208309436   第三借阅区/ [索取号:S641.2/242] 在馆    
唐山师范学院图书馆 欢迎您!
大连网信软件有限公司© 版权所有